Gas Hydrates: Applications and Advantages; Energies; Vol. 16, iss. 6

التفاصيل البيبلوغرافية
Parent link:Energies
Vol. 16, iss. 6.— 2023.— [2866, 19 p.]
مؤلف مشترك: Национальный исследовательский Томский политехнический университет Инженерная школа энергетики Научно-образовательный центр И. Н. Бутакова (НОЦ И. Н. Бутакова)
مؤلفون آخرون: Gaydukova O. S. Olga Sergeevna, Misyura S. Ya. Sergey Yakovlevich, Morozov V. S. Vladimir Sergeevich, Strizhak P. A. Pavel Alexandrovich
الملخص:Title screen
Gas hydrates are promising components for a wide range of industries and the national economy. This paper outlines the gas hydrate application areas with the greatest potential. Gas hydrates of methane, ethane, propane, carbon dioxide and freon were investigated. Double gas hydrates were found to be coming into use. Natural and artificial hydrates are now being exploited. The main properties and component composition of hydrates, as well as their extraction methods are described. The key aspects of using hydrates in the energy industry, gas chemistry and petrochemistry, heat exchange systems and fire safety management are highlighted. These specific aspects were identified by analyzing the known experimental findings, results of mathematical modeling, bench and field tests, as well as trial runs of industrial systems. The recent advances in science and technology in this field were analyzed. The range of tasks that need to be tackled to improve the efficiency of using gas hydrates are defined.
اللغة:الإنجليزية
منشور في: 2023
الموضوعات:
الوصول للمادة أونلاين:http://earchive.tpu.ru/handle/11683/132561
https://doi.org/10.3390/en16062866
التنسيق: MixedMaterials الكتروني فصل الكتاب
KOHA link:https://koha.lib.tpu.ru/cgi-bin/koha/opac-detail.pl?biblionumber=669429

MARC

LEADER 00000naa0a2200000 4500
001 669429
005 20250917154427.0
035 |a (RuTPU)RU\TPU\network\40669 
035 |a RU\TPU\network\40614 
090 |a 669429 
100 |a 20230505d2023 k||y0rusy50 ba 
101 0 |a eng 
102 |a CH 
135 |a drcn ---uucaa 
181 0 |a i  
182 0 |a b 
200 1 |a Gas Hydrates: Applications and Advantages  |f O. S. Gaydukova, S. Ya. Misyura, V. S. Morozov, P. A. Strizhak 
203 |a Text  |c electronic 
300 |a Title screen 
320 |a [References: 152 tit.] 
330 |a Gas hydrates are promising components for a wide range of industries and the national economy. This paper outlines the gas hydrate application areas with the greatest potential. Gas hydrates of methane, ethane, propane, carbon dioxide and freon were investigated. Double gas hydrates were found to be coming into use. Natural and artificial hydrates are now being exploited. The main properties and component composition of hydrates, as well as their extraction methods are described. The key aspects of using hydrates in the energy industry, gas chemistry and petrochemistry, heat exchange systems and fire safety management are highlighted. These specific aspects were identified by analyzing the known experimental findings, results of mathematical modeling, bench and field tests, as well as trial runs of industrial systems. The recent advances in science and technology in this field were analyzed. The range of tasks that need to be tackled to improve the efficiency of using gas hydrates are defined. 
461 |t Energies 
463 |t Vol. 16, iss. 6  |v [2866, 19 p.]  |d 2023 
610 1 |a электронный ресурс 
610 1 |a труды учёных ТПУ 
610 1 |a gas hydrates 
610 1 |a potential uses 
610 1 |a energy resources 
610 1 |a conversion 
610 1 |a fire safety 
610 1 |a benefits 
701 1 |a Gaydukova  |b O. S.  |c specialist in the field of heat and power engineering  |c Research Engineer of Tomsk Polytechnic University  |f 1993-  |g Olga Sergeevna  |3 (RuTPU)RU\TPU\pers\46480 
701 1 |a Misyura  |b S. Ya.  |c specialist in the field of power engineering  |c leading researcher of Tomsk Polytechnic University, candidate of technical sciences  |f 1964-  |g Sergey Yakovlevich  |3 (RuTPU)RU\TPU\pers\39641 
701 1 |a Morozov  |b V. S.  |g Vladimir Sergeevich 
701 1 |a Strizhak  |b P. A.  |c Specialist in the field of heat power energy  |c Doctor of Physical and Mathematical Sciences (DSc), Professor of Tomsk Polytechnic University (TPU)  |f 1985-  |g Pavel Alexandrovich  |3 (RuTPU)RU\TPU\pers\30871  |9 15117 
712 0 2 |a Национальный исследовательский Томский политехнический университет  |b Инженерная школа энергетики  |b Научно-образовательный центр И. Н. Бутакова (НОЦ И. Н. Бутакова)  |3 (RuTPU)RU\TPU\col\23504 
801 0 |a RU  |b 63413507  |c 20230505  |g RCR 
856 4 |u http://earchive.tpu.ru/handle/11683/132561  |z http://earchive.tpu.ru/handle/11683/132561 
856 4 |u https://doi.org/10.3390/en16062866 
942 |c CF